00000000nam##2200000za#4500
0019.623781
003CaOODSP
00520200330205709
007ta
008150406|1996||||xxc|||||     f|0| 0 fre|d
020 |a0-662-80905-X
040 |aCaOODSP|bfre
043 |an-cn---
0861 |aEn153-6/39-1996F
1101 |aCanada. |bEnvironnement Canada. |bService de la protection de l'environnement.
24510|aLes Produits Forestiers Donohue Inc., papeterie de Clermont
260 |aMontréal - Québec : |bEnvironnement Canada. |c1996.
300 |a4p. : |bgraphique, tableau ; |c28 cm.
4901 |aLes établissements industriels: faits saillant |v39
563 |aDépliant
590 |a96-48|b1996-11-29
7760#|tLes Produits forestiers Donohue inc., papeterie de Clermont |w(CaOODSP)9.817059
830#0|aÉtablissements industriels : faits saillants ;|v39|w(CaOODSP)9.512955